<?xml version="1.0" encoding="UTF-8"?>
<record
    xmlns:xsi="http://www.w3.org/2001/XMLSchema-instance"
    xsi:schemaLocation="http://www.loc.gov/MARC21/slim http://www.loc.gov/standards/marcxml/schema/MARC21slim.xsd"
    xmlns="http://www.loc.gov/MARC21/slim">

  <leader>01593nam a22002417a 4500</leader>
  <controlfield tag="003">OSt</controlfield>
  <controlfield tag="005">20220317103630.0</controlfield>
  <controlfield tag="008">140911b        xxu||||| |||| 00| 0 eng d</controlfield>
  <datafield tag="020" ind1=" " ind2=" ">
    <subfield code="a">9988824033</subfield>
  </datafield>
  <datafield tag="040" ind1=" " ind2=" ">
    <subfield code="c">LC</subfield>
  </datafield>
  <datafield tag="050" ind1=" " ind2=" ">
    <subfield code="a">DT507.K98</subfield>
  </datafield>
  <datafield tag="100" ind1=" " ind2=" ">
    <subfield code="a">Kwadwo, Osei</subfield>
  </datafield>
  <datafield tag="245" ind1=" " ind2=" ">
    <subfield code="a">An outline of Asante history, part 1. /</subfield>
    <subfield code="c">Osei Kwadwo.</subfield>
  </datafield>
  <datafield tag="250" ind1=" " ind2=" ">
    <subfield code="a">3rd ed.</subfield>
  </datafield>
  <datafield tag="260" ind1=" " ind2=" ">
    <subfield code="a">Kumasi:</subfield>
    <subfield code="b">O. Kwadwo Enterprise,</subfield>
    <subfield code="c">2004.</subfield>
  </datafield>
  <datafield tag="300" ind1=" " ind2=" ">
    <subfield code="a">viii, 209 p. :</subfield>
    <subfield code="b">ill. ;</subfield>
    <subfield code="c">19 cm.</subfield>
  </datafield>
  <datafield tag="500" ind1=" " ind2=" ">
    <subfield code="a">?? Includes index.</subfield>
  </datafield>
  <datafield tag="505" ind1=" " ind2=" ">
    <subfield code="a">?? Contents: Section I: The Sudanese states and empires: A portrait of Ancient Ghana -- Islam and the fall of Ghana -- The Rise of Mali -- Mansa Musa  of Mali -- The Reign of Sunni  Ali of Songhai -- The Fall Of the Empire of Songhai -- The Hausa states and the Fulani Jihad -- Section II: The states and kingdoms of the forest and Guinea Coast: The States of the Volta basin The early Akan states -- The Early coastal states -- The rise of the Asante empire -- The decline of Asante -- The Kingdom of Dahomey -- The Culture and civilization of Oyo -- Oyo in the nineteenth century -- Section III: Europe and west Africa: The Coming of the Europeans -- The Atlantic Slave Trade -- The Era of Abolition and exploration -- The Humanitarians and the west coast -- The traders and the west coast -- The partition of Africa -- The colonial powers and west Africa -- The Rise of the present nation- states of west Africa for further reading.</subfield>
  </datafield>
  <datafield tag="650" ind1=" " ind2=" ">
    <subfield code="a">Ashanti (Kingdom) -- History.</subfield>
  </datafield>
  <datafield tag="650" ind1=" " ind2=" ">
    <subfield code="a">Ashanti (African people) -- History. </subfield>
  </datafield>
  <datafield tag="650" ind1=" " ind2=" ">
    <subfield code="a">Ghana -- History.</subfield>
  </datafield>
  <datafield tag="942" ind1=" " ind2=" ">
    <subfield code="2">lcc</subfield>
    <subfield code="c">BK</subfield>
  </datafield>
  <datafield tag="999" ind1=" " ind2=" ">
    <subfield code="c">7534</subfield>
    <subfield code="d">15034</subfield>
  </datafield>
  <datafield tag="952" ind1=" " ind2=" ">
    <subfield code="0">0</subfield>
    <subfield code="1">0</subfield>
    <subfield code="2">lcc</subfield>
    <subfield code="4">0</subfield>
    <subfield code="7">0</subfield>
    <subfield code="a">WIUC-KL</subfield>
    <subfield code="b">WIUC-KL</subfield>
    <subfield code="c">GEN</subfield>
    <subfield code="d">2019-11-18</subfield>
    <subfield code="e">STM</subfield>
    <subfield code="o">DT507.K98(3e)</subfield>
    <subfield code="p">K/2526/2526/19</subfield>
    <subfield code="r">2020-07-24 00:00:00</subfield>
    <subfield code="w">2020-07-24</subfield>
    <subfield code="y">BK</subfield>
  </datafield>
</record>
